Construction skills foresight report 2003 (Record no. 105924)

MARC details
000 -LEADER
fixed length control field 01048cad a2200205 4500
001 - CONTROL NUMBER
control field ##l135135
008 - FIXED-LENGTH DATA ELEMENTS--GENERAL INFORMATION
fixed length control field 060926n2003 000 0 eng u
035 ## - SYSTEM CONTROL NUMBER
System control number (Sirsi) u135135
041 0# - LANGUAGE CODE
Language code of text/sound track or separate title eng
050 04 - LIBRARY OF CONGRESS CALL NUMBER
Classification number 690.073 $2 18
110 2# - MAIN ENTRY--CORPORATE NAME
Corporate name or jurisdiction name as entry element CITB-ConstructionSkills
9 (RLIN) 4992
245 00 - TITLE STATEMENT
Title Construction skills foresight report 2003
Medium [electronic resource]
260 ## - PUBLICATION, DISTRIBUTION, ETC.
Place of publication, distribution, etc. King's Lynn
Name of publisher, distributor, etc. CITB
Date of publication, distribution, etc. 2003
300 ## - PHYSICAL DESCRIPTION
Extent 132p.
Dimensions 30cm.
520 ## - SUMMARY, ETC.
Summary, etc. Examines the state of the construction industry and suggests that the current levels of growth mean that the industry will find problems in meeting its requirements for skilled employees. Suggests that there are three main priority areas which require attention: improving the industry's image and recruitment levels, qualifying the workforce and improving business performance. Tables.
651 #4 - SUBJECT ADDED ENTRY--GEOGRAPHIC NAME
Geographic name United Kingdom
Chronological subdivision
690 ## - LOCAL SUBJECT ADDED ENTRY--TOPICAL TERM (OCLC, RLIN)
Topical term or geographic name as entry element CAREERS, EDUCATION AND TRAINING
856 48 - ELECTRONIC LOCATION AND ACCESS
Uniform Resource Identifier <a href="https://www.cskills.org/uploads/Skills_foresight_2003_tcm17-6868.pdf">https://www.cskills.org/uploads/Skills_foresight_2003_tcm17-6868.pdf</a>
Public note View this item free of charge at www.cskills.org
942 ## - ADDED ENTRY ELEMENTS (KOHA)
Suppress in OPAC 0
Holdings
Withdrawn status Lost status Source of classification or shelving scheme Damaged status Not for loan Home library Current library Shelving location Date acquired Total Checkouts Full call number Barcode Date last seen Copy number Price effective from Koha item type
    Dewey Decimal Classification     Virtual Virtual Online 26/09/2006   ONLINE PUBLICATION 3007371 06/08/2019 1 06/08/2019 Book